|
|
|
|
| LEADER |
00000nam a2200000Ii 4500 |
| 001 |
DIGUAZUAY0060 |
| 003 |
NyNyDIG |
| 006 |
m o d |
| 007 |
cr ||||||||||| |
| 008 |
251104s2019 ec ao ob 100 0 spa d |
| 035 |
|
|
|a (OCoLC)1438847858
|
| 040 |
|
|
|a DGITA
|b eng
|e rda
|e pn
|c DGITA
|
| 020 |
|
|
|a 9789942778734
|q eBook
|
| 020 |
|
|
|z 9789942778727
|
| 043 |
|
|
|a s-ec---
|
| 050 |
1 |
4 |
|a HT185 ebook
|
| 111 |
2 |
|
|a Encuentro de Diseño, Arquitectura y Arte 2018
|n (4th :
|d 2018 :
|c Cuenca, Ecuador)
|
| 245 |
1 |
0 |
|a Sentidos urbanos :
|b encuentro de diseño, arquitectura y arte 2018 /
|c Carla Hermida, Manuela Cordero (compiladores).
|
| 264 |
|
1 |
|a Cuenca, Ecuador :
|b Universidad del Azuay, Casa Editora,
|c [2019]
|
| 300 |
|
|
|a 1 online resource :
|b illustrations, photographs.
|
| 336 |
|
|
|a text
|b txt
|2 rdacontent
|
| 337 |
|
|
|a computer
|b c
|2 rdamedia
|
| 338 |
|
|
|a online resource
|b cr
|2 rdacarrier
|
| 347 |
|
|
|a text file
|2 rdaft
|
| 347 |
|
|
|b PDF
|
| 504 |
|
|
|a Includes bibliographical references.
|
| 588 |
0 |
|
|a Online resource; title from PDF title page (Digitalia, viewed November 4, 2025)
|
| 650 |
|
0 |
|a Public spaces
|z Ecuador
|v Congresses.
|
| 650 |
|
0 |
|a City planning
|z Ecuador
|v Congresses.
|
| 700 |
1 |
|
|a Hermida, Carla,
|e editor.
|
| 700 |
1 |
|
|a Cordero, Manuela,
|e editor.
|
| 791 |
2 |
|
|a Digitalia (Firm),
|e distributor.
|
| 793 |
0 |
|
|g Digitalia eBook Collection:
|a Universidad del Azuay
|
| 776 |
0 |
8 |
|i Print version:
|a Encuentro de Diseño, Arquitectura y Arte 2018 (4th : 2018 : Cuenca, Ecuador).
|t Sentidos urbanos.
|d Cuenca, Ecuador : Universidad del Azuay, Casa Editora, [2019]
|z 9789942778727
|
| 856 |
4 |
0 |
|3 Digitalia Hispánica
|u https://www.digitaliapublishing.com/a/133443/
|
| 910 |
|
|
|a Premium collection: 2025
|